Enriching Our Lives : Poetry Lessons for Adult Literary Teachers and Tutors (Record no. 3595)
[ view plain ]
| 000 -LEADER | |
|---|---|
| fixed length control field | 00489nam a2200145Ia 4500 |
| 008 - FIXED-LENGTH DATA ELEMENTS--GENERAL INFORMATION | |
| fixed length control field | 151213s9999 xx 000 0 und d |
| 020 ## - INTERNATIONAL STANDARD BOOK NUMBER | |
| International Standard Book Number | 0-57207-137-5 |
| 100 ## - MAIN ENTRY--PERSONAL NAME | |
| Personal name | Francis E. Kafemek and Paf Pigg |
| 245 ## - TITLE STATEMENT | |
| Title | Enriching Our Lives : Poetry Lessons for Adult Literary Teachers and Tutors |
| Statement of responsibility, etc. | Francis E. Kafemek and Paf Pigg |
| 260 ## - PUBLICATION, DISTRIBUTION, ETC. (IMPRINT) | |
| Place of publication, distribution, etc. | U S A |
| Name of publisher, distributor, etc. | International Reading Association |
| Date of publication, distribution, etc. | 1995 |
| 300 ## - PHYSICAL DESCRIPTION | |
| Extent | 6505 p. |
| 650 ## - SUBJECT ADDED ENTRY--TOPICAL TERM | |
| Topical term or geographic name as entry element | English |
| 700 ## - ADDED ENTRY--PERSONAL NAME | |
| Personal name | Francis E. Kafemek and Paf Pigg |
No items available.
